000 00339pam a2200157a 44500
008 230515b2003 xxu||||| |||| 00| 0 eng d
020 _aNULL
041 _aENGLISH
082 _a610.73677
100 _aN DC MAZAMDER
245 _aNEONATAL ORTHOPAEDICS
250 _a0
260 _a
_bJAYPEE
_c2003
300 _a175
650 _aNULL
999 _c525742
_d525742